| 000 | 00544 a2200181 4500 | ||
|---|---|---|---|
| 001 | 142487 | ||
| 040 | _cLeonardo Da Vinci | ||
| 041 | _aPortuguês | ||
| 082 | _av225 | ||
| 100 | _aEDUCACIONAL SHOP VIDEO | ||
| 245 |
_aTake a look (Dê uma olhada) _bpara crianças de 7 a 10 anos |
||
| 250 | _av.5-6 | ||
| 260 |
_bESV _aSão Paulo |
||
| 490 | _aTV Ontario | ||
| 520 | _aAjuda a criança a descobrir o papel da ciência em sua vida | ||
| 697 |
_aCiências _aMatéria _aÁrvores _aSom _aMagnetismo _aEletricidade _aTempo _aInfantil |
||
| 942 | _cVM | ||
| 999 |
_c142487 _d142487 |
||